Thần thoại Hy Lạp

محفوظ في:
التفاصيل البيبلوغرافية
التنسيق: كتاب
اللغة:Undetermined
منشور في: Thành phố Hồ Chí Minh Văn hóa Sài Gòn 2006
الموضوعات:
الوسوم: إضافة وسم
لا توجد وسوم, كن أول من يضع وسما على هذه التسجيلة!
Thư viện lưu trữ: Trung tâm Học liệu Trường Đại học Cần Thơ
LEADER 00496nam a2200181Ia 4500
001 CTU_101590
008 210402s9999 xx 000 0 und d
020 |c 27000 
082 |a 883.08 
082 |b Th105 
245 0 |a Thần thoại Hy Lạp 
260 |a Thành phố Hồ Chí Minh 
260 |b Văn hóa Sài Gòn 
260 |c 2006 
650 |a Classical greek epic poetry 
650 |x Drama 
904 |i Hiếu 
980 |a Trung tâm Học liệu Trường Đại học Cần Thơ